000 00786cam a2200229 4500
001 WB3621-20
008 000000n2000 000 0 eng u
035 _a(Sirsi) u106166
245 _aOFT consults on professions
260 _c2000
490 _aOFT Press Release
_v(22/00) 26 May 2000 (4)
520 _aThe OFT has published a consultation document that outlines its review of restrictions on competition in the professions. Information about press notices and publications is available at: http://www.oft.gov.uk
590 _aWB
650 _aOFT
650 _aOFT
650 _aCOMPETITION
650 _aANTI-COMPETITIVE PRACTICES
650 _aPROFESSIONS
650 _aRESTRICTIONS
690 _aMANAGEMENT-BUSINESS MANAGEMENT-PROFESSIONAL PRACTICE
942 _n0
999 _c63602
_d63602